[Event "HUN-chT1 Maroczy 2122"]
[Site "Hungary"]
[Date "2021.12.05"]
[Round "5.9"]
[White "Lakatos, Tamas"]
[Black "Smaraglay, Botond"]
[Result "1-0"]
[WhiteElo "2054"]
[BlackElo "1980"]
[PlyCount "73"]
[EventDate "2021.10.10"]
[EventType "team-tourn"]
[EventRounds "11"]
[EventCountry "HUN"]
[SourceTitle "EXT 2025"]
[Source "ChessBase"]
[SourceDate "2024.10.14"]
[SourceVersion "1"]
[SourceVersionDate "2024.10.14"]
[SourceQuality "1"]
[WhiteTeam "Morihana II"]
[BlackTeam "Hus"]
[WhiteTeamCountry "HUN"]
[BlackTeamCountry "HUN"]

1. e4 c5 2. c3 Nc6 3. d4 d6 4. Nf3 Nf6 5. d5 Ne5 6. Nxe5 dxe5 7. Bd3 Bd7 8. c4 g6 9. 0-0 Bg7 10. Nc3 0-0 11. Ne2 Ne8 12. f4 f5 13. fxe5 Bxe5 14. exf5 Bxf5 15. Bxf5 Rxf5 16. Rxf5 gxf5 17. Bf4 Qd6 18. Qd2 Nf6 19. Qe3 Ne4 20. Bxe5 Qxe5 21. Rf1 Rf8 22. Ng3 b6 23. Nxe4 fxe4 24. Qg3+ Qxg3 25. hxg3 Rxf1+ 26. Kxf1 Kf7 27. Ke2 Kf6 28. Ke3 Kf5 29. g4+ Ke5 30. a3 h6 31. a4 a6 32. b3 b5 33. a5 bxc4 34. bxc4 Kd6 35. Kxe4 e6 36. dxe6 Kxe6 37. g3 1-0

[Event "HUN-ch U18"]
[Site "Eger"]
[Date "2021.08.26"]
[Round "5"]
[White "Papp, Bence"]
[Black "Lakatos, Tamas"]
[Result "1-0"]
[WhiteElo "2121"]
[BlackElo "2062"]
[PlyCount "59"]
[EventDate "2021.08.20"]
[EventType "swiss"]
[EventRounds "7"]
[EventCountry "HUN"]
[SourceTitle "EXT 2022"]
[Source "ChessBase"]
[SourceDate "2021.10.06"]
[SourceVersion "1"]
[SourceVersionDate "2021.10.06"]
[SourceQuality "1"]

1. d4 Nf6 2. Bg5 d5 3. e3 Ne4 4. Bf4 c6 5. Nd2 Qa5 6. c3 Nxd2 7. Qxd2 Bf5 8. Nf3 Nd7 9. Ne5 g6 10. Nxd7 Bxd7 11. Bd3 Bg7 12. f3 f6 13. h4 0-0-0 14. b4 Qb6 15. h5 e5 16. dxe5 fxe5 17. Bg5 Rde8 18. hxg6 hxg6 19. 0-0-0 Rxh1 20. Rxh1 e4 21. fxe4 dxe4 22. Bc4 Qc7 23. Kc2 Qe5 24. Bf4 Qf6 25. Rh7 g5 26. Bg3 b5 27. Rxg7 Qxg7 28. Qd6 Kb7 29. Qc7+ Ka8 30. Be6 1-0

[Event "Budapest Vezerkepzo IM 2nd"]
[Site "Budapest"]
[Date "2021.04.21"]
[Round "8"]
[White "Lakatos, Tamas"]
[Black "Konyves, Almos"]
[Result "0-1"]
[WhiteElo "2139"]
[BlackElo "2120"]
[PlyCount "114"]
[EventDate "2021.04.14"]
[EventType "tourn"]
[EventRounds "9"]
[EventCountry "HUN"]
[EventCategory "1"]
[SourceTitle "CBM 202 Extra"]
[Source "ChessBase"]
[SourceDate "2021.07.31"]
[SourceVersion "1"]
[SourceVersionDate "2021.07.31"]
[SourceQuality "1"]

1. e4 c5 2. Nf3 Nc6 3. c3 d5 4. exd5 Qxd5 5. d4 Nf6 6. dxc5 Qxd1+ 7. Kxd1 a5 8. Bb5 Bg4 9. h3 Bxf3+ 10. gxf3 e6 11. Be3 Nd5 12. Nd2 Nxe3+ 13. fxe3 Bxc5 14. Ke2 Ke7 15. Rhd1 Rhd8 16. a3 Rd5 17. Ne4 Rh5 18. c4 Rd8 19. Rxd8 Kxd8 20. Rb1 Be7 21. Nf2 Kc7 22. Bxc6 Kxc6 23. b4 axb4 24. axb4 Rh4 25. e4 Bd6 26. Ke3 Bf4+ 27. Ke2 Be5 28. Ke3 f5 29. Rh1 g5 30. Nd3 Bf4+ 31. Nxf4 Rxf4 32. Rg1 h6 33. Rh1 Rh4 34. Kd4 fxe4 35. fxe4 g4 36. Rg1 gxh3 37. Rh1 Kd6 38. c5+ Kc6 39. Ke5 h2 40. Kf6 Rxe4 41. Rxh2 Rxb4 42. Kxe6 Kxc5 43. Ke5 Rb1 44. Rc2+ Kb4 45. Rh2 b5 46. Rxh6 Rd1 47. Ke4 Ka4 48. Ke3 b4 49. Ke2 Rd8 50. Rh7 b3 51. Ra7+ Kb4 52. Rb7+ Kc3 53. Rc7+ Kb2 54. Rc6 Ka2 55. Ra6+ Kb1 56. Rb6 b2 57. Rh6 Ra8 0-1

[Event "Budapest Vezerkepzo IM 2nd"]
[Site "Budapest"]
[Date "2021.04.20"]
[Round "7"]
[White "Pacher, Milan"]
[Black "Lakatos, Tamas"]
[Result "1-0"]
[WhiteElo "2435"]
[BlackElo "2139"]
[PlyCount "121"]
[EventDate "2021.04.14"]
[EventType "tourn"]
[EventRounds "9"]
[EventCountry "HUN"]
[EventCategory "1"]
[SourceTitle "CBM 202 Extra"]
[Source "ChessBase"]
[SourceDate "2021.07.31"]
[SourceVersion "1"]
[SourceVersionDate "2021.07.31"]
[SourceQuality "1"]

1. d4 Nf6 2. Bg5 g6 3. Bxf6 exf6 4. e3 Bg7 5. c4 c6 6. Nc3 f5 7. h4 0-0 8. h5 f4 9. exf4 Re8+ 10. Be2 d6 11. Qd2 d5 12. hxg6 hxg6 13. 0-0-0 dxc4 14. Bxc4 b5 15. Bb3 a5 16. Nf3 a4 17. Bc2 Be6 18. f5 gxf5 19. Qf4 b4 20. Nxa4 Nd7 21. Ng5 Bxa2 22. Qxf5 Qf6 23. Qh7+ Kf8 24. Qh4 Qd6 25. Rd3 Nf6 26. Rf3 Kg8 27. Rg3 Kf8 28. Nc5 Bc4 29. Nf3 Ng8 30. Ne5 Rxe5 31. Rxg7 Kxg7 32. Qh8+ Kf8 33. Qxe5 Qxe5 34. dxe5 Ra5 35. Nd7+ Ke7 36. Rh4 Be6 37. Nb8 Rc5 38. Na6 Rxe5 39. Nxb4 Kd6 40. Nd3 Rg5 41. Rd4+ Kc7 42. Nf4 Bd7 43. Kd2 Ne7 44. g3 Ra5 45. Ra4 Rb5 46. b4 Kd6 47. Bb3 f6 48. Bc4 Rb8 49. Kc3 Bc8 50. Ra1 Bg4 51. Rh1 Rf8 52. Rh7 Bf5 53. Rg7 Be4 54. g4 Nd5+ 55. Nxd5 Bxd5 56. f4 Re8 57. Bxd5 Kxd5 58. Rd7+ Ke6 59. Rd4 Rh8 60. Kc4 Rh1 61. Kc5 1-0

[Event "Budapest Vezerkepzo IM 1st"]
[Site "Budapest"]
[Date "2021.02.03"]
[Round "9"]
[White "Papadiamandis, Elliot"]
[Black "Lakatos, Tamas"]
[Result "0-1"]
[WhiteElo "2134"]
[BlackElo "2198"]
[PlyCount "68"]
[EventDate "2021.01.25"]
[EventType "tourn"]
[EventRounds "9"]
[EventCountry "HUN"]
[SourceTitle "CBM 200 Extra"]
[Source "ChessBase"]
[SourceDate "2021.03.31"]
[SourceVersion "1"]
[SourceVersionDate "2021.03.31"]
[SourceQuality "1"]

1. e4 c6 2. d4 d5 3. Nc3 dxe4 4. Nxe4 Bf5 5. Ng3 Bg6 6. h4 h6 7. Nf3 e6 8. h5 Bh7 9. Bd3 Bxd3 10. Qxd3 Nf6 11. Bf4 Qa5+ 12. Bd2 Bb4 13. c3 Be7 14. 0-0 Nbd7 15. Rfe1 0-0 16. Ne5 Rad8 17. Qc2 c5 18. Ng6 fxg6 19. Rxe6 Rfe8 20. Rae1 Bf8 21. Qxg6 Rxe6 22. Rxe6 Qa4 23. b3 Qxa2 24. Be1 Qxb3 25. Nf5 Kh8 26. Nxh6 gxh6 27. Rxf6 Qg8 28. Rf7 Qxg6 29. hxg6 Bg7 30. d5 a5 31. Bd2 a4 32. Bc1 b5 33. Ba3 Bxc3 34. Bc1 Bg7 0-1

[Event "Budapest Vezerkepzo IM 1st"]
[Site "Budapest"]
[Date "2021.01.29"]
[Round "5"]
[White "Lakatos, Tamas"]
[Black "Farago, Sandor"]
[Result "0-1"]
[WhiteElo "2198"]
[BlackElo "2193"]
[PlyCount "84"]
[EventDate "2021.01.25"]
[EventType "tourn"]
[EventRounds "9"]
[EventCountry "HUN"]
[SourceTitle "CBM 200 Extra"]
[Source "ChessBase"]
[SourceDate "2021.03.31"]
[SourceVersion "1"]
[SourceVersionDate "2021.03.31"]
[SourceQuality "1"]

1. e4 e5 2. Nf3 Nc6 3. Bb5 a6 4. Ba4 Nf6 5. 0-0 Be7 6. Bxc6 dxc6 7. Qe1 c5 8. c3 Qd3 9. Nxe5 Qxe4 10. d4 Qxe1 11. Rxe1 cxd4 12. cxd4 Be6 13. Nc3 Rd8 14. Be3 0-0 15. f3 Nd5 16. Nxd5 Rxd5 17. Nd3 Bf5 18. Nc5 Bc8 19. Ne4 c6 20. Rad1 Rfd8 21. Nc3 Rf5 22. d5 Kf8 23. Bb6 Rd7 24. g4 Rxf3 25. d6 Bd8 26. Bd4 Rf4 27. Kh1 b6 28. h3 c5 29. Be5 Rf2 30. Ne4 Bb7 31. Kg1 Rc2 32. Rd3 f6 33. Bc3 a5 34. g5 fxg5 35. Rf3+ Rf7 36. Rxf7+ Kxf7 37. Nf2 Ba6 38. Ng4 Re2 39. Rd1 Bb5 40. Ne5+ Ke6 41. Ng4 h5 42. Nh2 Bc6 0-1

[Event "Budapest Vezerkepzo IM 1st"]
[Site "Budapest"]
[Date "2021.01.26"]
[Round "2"]
[White "Konyves, Almos"]
[Black "Lakatos, Tamas"]
[Result "1/2-1/2"]
[WhiteElo "2131"]
[BlackElo "2198"]
[PlyCount "82"]
[EventDate "2021.01.25"]
[EventType "tourn"]
[EventRounds "9"]
[EventCountry "HUN"]
[SourceTitle "CBM 200 Extra"]
[Source "ChessBase"]
[SourceDate "2021.03.31"]
[SourceVersion "1"]
[SourceVersionDate "2021.03.31"]
[SourceQuality "1"]

1. e4 e5 2. Nf3 Nc6 3. d4 exd4 4. Bc4 Nf6 5. e5 d5 6. Bb5 Nd7 7. 0-0 Be7 8. Bxc6 bxc6 9. Nxd4 Nxe5 10. Re1 Qd6 11. b3 Ng4 12. g3 0-0 13. f3 Nf6 14. Ba3 c5 15. Nc3 Qd7 16. Na4 Bd6 17. Nxc5 Qh3 18. Qd2 Nd7 19. Nxd7 Qxd7 20. Bxd6 Qxd6 21. Rad1 c5 22. Nb5 Qb6 23. Nc3 d4 24. Nd5 Qb7 25. Ne7+ Kh8 26. Nxc8 Raxc8 27. Kf2 h6 28. Re2 Rfe8 29. Rde1 Rxe2+ 30. Qxe2 Qd5 31. Qd3 g6 32. Qa6 Qf5 33. Re4 Kg7 34. a4 Rd8 35. Qb5 Rd6 36. Qc4 Rf6 37. Rf4 Qh5 38. Rxf6 Qxh2+ 39. Kf1 Kxf6 40. Qxc5 Qd2 41. a5 Qd1+ 1/2-1/2

[Event "Budapest Vezerkepzo IM 1st"]
[Site "Budapest"]
[Date "2021.01.25"]
[Round "1"]
[White "Lakatos, Tamas"]
[Black "Mendonca, Leon Luke"]
[Result "0-1"]
[WhiteElo "2198"]
[BlackElo "2538"]
[PlyCount "72"]
[EventDate "2021.01.25"]
[EventType "tourn"]
[EventRounds "9"]
[EventCountry "HUN"]
[SourceTitle "CBM 200 Extra"]
[Source "ChessBase"]
[SourceDate "2021.03.31"]
[SourceVersion "1"]
[SourceVersionDate "2021.03.31"]
[SourceQuality "1"]

1. e4 c5 2. Nf3 d6 3. d4 cxd4 4. Nxd4 Nf6 5. Nc3 g6 6. Be2 Bg7 7. Be3 0-0 8. Qd2 Nc6 9. 0-0-0 Nxd4 10. Bxd4 Be6 11. Kb1 Rc8 12. f4 b5 13. Bxf6 Bxf6 14. Nd5 Bxd5 15. Qxd5 Qb6 16. Qd2 b4 17. h4 a5 18. h5 a4 19. hxg6 hxg6 20. f5 b3 21. cxb3 axb3 22. axb3 Qxb3 23. Rh3 Qa4 24. fxg6 Rb8 25. gxf7+ Rxf7 26. Rg3+ Rg7 27. Rxg7+ Kxg7 28. e5 Qe4+ 29. Qc2 Qxe5 30. Rd2 Qa5 31. Qd3 Ra8 32. Qg3+ Kf8 33. Bc4 Qa1+ 34. Kc2 Qxb2+ 35. Kd1 Qb1+ 36. Ke2 Qe4+ 0-1

[Event "Budapest FS09 Nadassy"]
[Site "Budapest"]
[Date "2020.09.05"]
[Round "1.2"]
[White "Lakatos, Tamas"]
[Black "Juracsik, Jozsef"]
[Result "0-1"]
[WhiteElo "2135"]
[BlackElo "2154"]
[PlyCount "58"]
[EventDate "2020.09.05"]
[EventType "schev"]
[EventRounds "9"]
[EventCountry "HUN"]
[SourceTitle "EXT 2021"]
[Source "ChessBase"]
[SourceDate "2020.10.23"]
[SourceVersion "1"]
[SourceVersionDate "2020.10.23"]
[SourceQuality "1"]
[WhiteTeam "A Team Higher Elo"]
[BlackTeam "B Team Lower Elo"]
[WhiteTeamCountry "HUN"]
[BlackTeamCountry "HUN"]

1. e4 c5 2. c3 d6 3. d4 Nf6 4. Bd3 Qc7 5. Ne2 Nbd7 6. 0-0 g6 7. Bg5 Bg7 8. f4 h6 9. Bh4 cxd4 10. cxd4 Qb6 11. Qd2 g5 12. fxg5 hxg5 13. Bxg5 Ng4 14. Bc4 Nde5 15. Bb3 Nxh2 16. Nbc3 Nxf1 17. Rxf1 Be6 18. Na4 Qa6 19. dxe5 Bxe5 20. Nf4 Rh1+ 21. Kxh1 Qxf1+ 22. Kh2 Bxb3 23. axb3 f6 24. Bh6 0-0-0 25. g3 Rh8 26. Nh3 Kb8 27. Nc3 e6 28. Qc1 Qf3 29. Bf4 Qf2+ 0-1

[Event "Budapest FS08 Nadassy"]
[Site "Budapest"]
[Date "2020.08.10"]
[Round "9.3"]
[White "Farago, Sandor"]
[Black "Lakatos, Tamas"]
[Result "0-1"]
[WhiteElo "2219"]
[BlackElo "2011"]
[PlyCount "158"]
[EventDate "2020.08.01"]
[EventType "team-schev"]
[EventRounds "14"]
[EventCountry "HUN"]
[SourceTitle "EXT 2021"]
[Source "ChessBase"]
[SourceDate "2020.10.23"]
[SourceVersion "1"]
[SourceVersionDate "2020.10.23"]
[SourceQuality "1"]
[WhiteTeam "Team 1"]
[BlackTeam "Team 2"]
[WhiteTeamCountry "HUN"]
[BlackTeamCountry "HUN"]

1. e4 c6 2. d4 d5 3. e5 Bf5 4. Nf3 e6 5. Nc3 Nd7 6. a3 Ne7 7. Be3 c5 8. dxc5 Nc6 9. Bb5 Bxc5 10. Bxc5 Nxc5 11. Nd4 0-0 12. Nxf5 exf5 13. Qxd5 Qxd5 14. Nxd5 Nd4 15. Bd3 Nxd3+ 16. cxd3 Nc2+ 17. Ke2 Nxa1 18. Rxa1 Rfe8 19. f4 Rad8 20. Ne3 f6 21. exf6 Re6 22. Rf1 Rde8 23. Rf3 Rxf6 24. Kd2 Rfe6 25. Rg3 g6 26. Nxf5 Rf6 27. Nd4 Rxf4 28. Nf3 Rf5 29. Rg4 Rb5 30. b4 Rb6 31. h4 Ra6 32. h5 Kg7 33. Nh4 Rf8 34. hxg6 hxg6 35. a4 Kh6 36. b5 Re6 37. Nf3 Rfe8 38. Nd4 Re1 39. Rh4+ Kg7 40. Rf4 Ra1 41. Nc2 Rg1 42. Rf2 Rf8 43. Re2 Rgf1 44. Nd4 R8f2 45. Ne6+ Kf6 46. Nd8 Rxe2+ 47. Kxe2 Ra1 48. Nxb7 Rxa4 49. Ke3 Rb4 50. Nd6 Ke6 51. Nc8 Rxb5 52. Nxa7 Rb2 53. Nc6 Rxg2 54. Kf3 Rg1 55. Nd4+ Kf6 56. Ne2 Ra1 57. Ng3 Ke5 58. Ke3 Ra4 59. Ne4 Rb4 60. Kf3 Rd4 61. Ke3 Ra4 62. Kf3 Ra3 63. Nf2 Kf5 64. Kg3 g5 65. Kf3 Rb3 66. Ke3 g4 67. Ne4 Ra3 68. Ng3+ Kg5 69. Ne2 Kh4 70. Nf4 Kg3 71. Ne2+ Kh2 72. Ke4 g3 73. Nxg3 Kxg3 74. d4 Kg4 75. Ke5 Kg5 76. d5 Kg6 77. Ke6 Re3+ 78. Kd7 Kf7 79. d6 Rd3 0-1

[Event "Budapest FS08 Nadassy"]
[Site "Budapest"]
[Date "2020.08.02"]
[Round "2.3"]
[White "Lakatos, Tamas"]
[Black "Farago, Sandor"]
[Result "1/2-1/2"]
[WhiteElo "2011"]
[BlackElo "2219"]
[PlyCount "116"]
[EventDate "2020.08.01"]
[EventType "team-schev"]
[EventRounds "14"]
[EventCountry "HUN"]
[SourceTitle "EXT 2021"]
[Source "ChessBase"]
[SourceDate "2020.10.23"]
[SourceVersion "1"]
[SourceVersionDate "2020.10.23"]
[SourceQuality "1"]
[WhiteTeam "Team 2"]
[BlackTeam "Team 1"]
[WhiteTeamCountry "HUN"]
[BlackTeamCountry "HUN"]

1. e4 c5 2. Nf3 d6 3. Bb5+ Nd7 4. d4 cxd4 5. Qxd4 a6 6. Bc4 Ngf6 7. Nc3 e6 8. a4 Be7 9. 0-0 0-0 10. a5 Qc7 11. h3 Ne5 12. Be2 Nc6 13. Qc4 d5 14. exd5 exd5 15. Nxd5 Nxd5 16. Qxd5 Nb4 17. Qe4 Be6 18. c3 Bd5 19. Qg4 Be6 20. Qe4 Bd5 21. Qf5 Be6 22. Qb1 Nc6 23. Qe4 Rfe8 24. Bf4 Qc8 25. Bd3 g6 26. Rfe1 Qd8 27. Bc2 Bf5 28. Qe2 Bxc2 29. Qxc2 Nxa5 30. Rad1 Qc8 31. Ne5 Bf6 32. Ng4 Rxe1+ 33. Rxe1 Bg7 34. Qe4 Nc6 35. Bh6 Bxh6 36. Nxh6+ Kg7 37. Qf4 Qb8 38. Qxf7+ Kxh6 39. Re4 Qf8 40. Rh4+ Kg5 41. Rg4+ Kh6 42. Rh4+ Kg5 43. Qxh7 Ne7 44. Rg4+ Kf5 45. Qh4 Ke6 46. Rd4 Nf5 47. Qe4+ Kf6 48. Qf3 Re8 49. g4 Re1+ 50. Kg2 Qg7 51. gxf5 gxf5+ 52. Qg3 Qxg3+ 53. Kxg3 Re2 54. Rb4 b5 55. Kf3 Rc2 56. Ke3 Kg5 57. Kf3 Rd2 58. Ke3 Rc2 1/2-1/2

[Event "Balatonalmadi Pannonia Cup 27th"]
[Site "Balatonalmadi"]
[Date "2019.07.24"]
[Round "1"]
[White "Meszaros, Andras"]
[Black "Lakatos, Tamas"]
[Result "1-0"]
[WhiteElo "2271"]
[BlackElo "1891"]
[PlyCount "49"]
[EventDate "2019.07.24"]
[EventType "swiss"]
[EventRounds "7"]
[EventCountry "HUN"]
[SourceTitle "CBM 191 Extra"]
[Source "ChessBase"]
[SourceDate "2019.09.30"]
[SourceVersion "1"]
[SourceVersionDate "2019.09.30"]
[SourceQuality "1"]

1. e4 c6 2. Nf3 d5 3. exd5 cxd5 4. b4 e6 5. Bb2 Nf6 6. a3 Be7 7. d4 Nbd7 8. Nbd2 0-0 9. Bd3 Nb6 10. Rc1 Qc7 11. c4 dxc4 12. Nxc4 Nxc4 13. Rxc4 Qb6 14. Ne5 Bd7 15. Qf3 a5 16. 0-0 Bb5 17. Qh3 h6 18. d5 Bxc4 19. Nxc4 Qd8 20. dxe6 Bd6 21. Rd1 Bc7 22. b5 Kh8 23. b6 Bxb6 24. Nxb6 Qxb6 25. Bxf6 1-0

[Event "HUN-ch U16"]
[Site "Balatonlelle"]
[Date "2019.06.21"]
[Round "1"]
[White "Lakatos, Tamas"]
[Black "Papp, Bence"]
[Result "0-1"]
[WhiteElo "1833"]
[BlackElo "2094"]
[PlyCount "50"]
[EventDate "2019.06.21"]
[EventType "swiss"]
[EventRounds "9"]
[EventCountry "HUN"]
[SourceTitle "CBM 191 Extra"]
[Source "ChessBase"]
[SourceDate "2019.09.30"]
[SourceVersion "1"]
[SourceVersionDate "2019.09.30"]
[SourceQuality "1"]

1. e4 d5 2. exd5 Qxd5 3. d4 Nc6 4. Nf3 Bg4 5. Be2 0-0-0 6. Be3 e6 7. 0-0 Nf6 8. c4 Qf5 9. h3 Bh5 10. Qa4 g5 11. d5 exd5 12. cxd5 Bxf3 13. Bxf3 Ne5 14. Qxa7 Nxf3+ 15. gxf3 Bd6 16. Bc5 Qxh3 17. Bxd6 Rxd6 18. Qa8+ Kd7 19. Qa4+ Ke7 20. Qc4 Rc8 21. Qe2+ Kf8 22. Nc3 Re8 23. Qd2 Ng4 24. fxg4 Qxg4+ 25. Kh1 Rh6# 0-1

[Event "HUN-chT2 Erkel 1617"]
[Site "Hungary"]
[Date "2017.04.09"]
[Round "11.9"]
[White "Lakatos, Tamas"]
[Black "Csillag, Bela"]
[Result "1/2-1/2"]
[WhiteElo "1739"]
[BlackElo "2056"]
[PlyCount "59"]
[EventDate "2016.09.25"]
[EventType "team-tourn"]
[EventRounds "11"]
[EventCountry "HUN"]
[SourceTitle "EXT 2021"]
[Source "ChessBase"]
[SourceDate "2020.10.23"]
[SourceVersion "1"]
[SourceVersionDate "2020.10.23"]
[SourceQuality "1"]
[WhiteTeam "Sarkany DSE"]
[BlackTeam "Pestszentlorinc"]
[WhiteTeamCountry "HUN"]
[BlackTeamCountry "HUN"]

1. e4 e5 2. Nf3 Nc6 3. Bb5 a6 4. Bxc6 dxc6 5. Nc3 Qd6 6. d4 exd4 7. Qxd4 Bg4 8. Qe5+ Qxe5 9. Nxe5 Be6 10. 0-0 Bb4 11. Ne2 Nf6 12. f3 0-0 13. Nd3 Ba5 14. Be3 Bc4 15. Rad1 Rad8 16. b3 Bxd3 17. cxd3 Rd7 18. Bd4 Bb6 19. Bxb6 cxb6 20. d4 Rfd8 21. Rd2 Kf8 22. Rfd1 h6 23. Kf2 g6 24. h3 Kg7 25. g4 Ng8 26. Ng3 Ne7 27. Ke3 Re8 28. Kf2 Red8 29. h4 Rf8 30. h5 1/2-1/2